Statistiques concernant Prénoms masculins les plus donnés en 2010

Cliquez ici pour prendre le quiz!

Statistiques générales

  • Ce quiz a été pris 225 fois
  • Le résultat moyen est 61 sur 100

Statistiques - réponses

HintRéponse% Correct
LLéo
98%
LLouis
94%
QQuentin
93%
PPaul
92%
NNoa
89%
TThomas
89%
JJules
88%
TTom
88%
AAntoine
87%
LLuca
87%
JJulien
86%
HHugo
85%
NNathan
85%
VValentin
85%
GGabriel
84%
AAlexandre
83%
LLucas
83%
MMathis
81%
NNoah
81%
VVictor
81%
EEnzo
80%
MMaxime
80%
PPierre
80%
WWilliam
80%
AArthur
79%
CClément
78%
NNoé
78%
RRomain
78%
AAlexis
77%
EEthan
77%
NNicolas
77%
KKylian
75%
MMathéo
75%
RRaphaël
75%
BBaptiste
73%
MMathieu
73%
SSimon
73%
AAxel
71%
BBenjamin
71%
MMaël
71%
BBastien
68%
JJean
68%
MMattéo
67%
MMaxence
66%
SSamuel
66%
TTiméo
66%
YYanis
66%
CCorentin
63%
DDavid
62%
LLiam
62%
AAdam
61%
CCharles
61%
FFlorian
61%
SSacha
61%
EEvan
60%
GGabin
60%
AAdrien
59%
MMartin
59%
MMathias
59%
NNolan
58%
RRobin
57%
TThibault
57%
EEliott
56%
TTimothé
54%
EEsteban
53%
MMatthieu
52%
TTitouan
52%
OOscar
51%
AAntonin
50%
NNoam
50%
DDorian
49%
GGaspard
48%
MMatéo
48%
MMathys
48%
NNino
48%
DDylan
47%
MMarius
47%
TTristan
46%
LLilian
44%
LLoïc
44%
TTéo
40%
AAugustin
39%
EErwan
39%
AAaron
38%
NNaël
38%
LLouka
37%
SSasha
36%
LLenny
35%
TTiago
35%
IIlan
34%
RRayan
34%
AAmaury
32%
DDiego
30%
KKenzo
30%
LLorenzo
29%
LLoan
24%
RRafaël
20%
LLoris
16%
AAmine
11%
NNohé
5%

Distribution des résultats

Percentile par nombre de réponses

% des personnes avec chaque résultat

Votre développement - résultats

Vous n’avez pas pris ce quiz